| 000 | 00700cam a22002413a 4500 | ||
|---|---|---|---|
| 001 | 29374 | ||
| 003 | PGUSA | ||
| 005 | 20140828083633.0 | ||
| 008 | 090711s2009||||xxu|||||s|||||000 1 eng d | ||
| 040 |
_aPGUSA _beng |
||
| 042 | _adc | ||
| 050 | 4 | _aPS | |
| 050 | 4 | _aPZ | |
| 100 | 1 |
_aWallace, Dillon, _d1863-1939 |
|
| 245 | 1 | 4 |
_aThe Gaunt Gray Wolf : _bA Tale of Adventure With Ungava Bob _h[electronic resource] / _cDillon Wallace |
| 260 |
_bProject Gutenberg, _c2009 |
||
| 506 | _aPublic domain in the USA. | ||
| 516 | _aElectronic text | ||
| 653 | _aLabrador (N.L.) -- Juvenile fiction | ||
| 830 | 0 |
_aProject Gutenberg _v29374 |
|
| 856 | 4 | 0 | _uhttp://www.gutenberg.org/ebooks/29374 |
| 942 | _cEB | ||
| 999 |
_c258629 _d258629 |
||